| 000 | 00969nam a22002537a 4500 | ||
|---|---|---|---|
| 005 | 20240530110531.0 | ||
| 008 | 160317s2012 su a g 000 0 ara d | ||
| 017 | _a1431/182 | ||
| 020 | _a9789960549453 | ||
| 040 | _aEG-CaGPL | ||
| 082 | 0 | 4 |
_221 _a174.962\ _bش م |
| 100 | 1 | _aشنزنجر ، رونالد | |
| 245 | 1 | 0 |
_aمدخل الى اخلاقيات مهنة الهندسة / _cرونالد شنزنجر ، مايك مارتن ؛ نقلة الى العربية يحيى خليف |
| 250 | _aط1 | ||
| 260 |
_aالسعودية : _bالعبيكان للنشر ، _c2012 . |
||
| 300 |
_a291 ص : _bايض ؛ _c24 سم . |
||
| 650 | 0 | 4 | _aالاخلاق المهنية |
| 650 | 0 | 4 | _aالسلوك الاجتماعى |
| 650 | 0 | 4 |
_aالهندسة _xالجوانب الاخلاقية |
| 700 | 1 |
_aمارتن ، مايك _eمؤلف مشارك |
|
| 700 | 0 |
_aيحيى خليف _eمترجم |
|
| 942 |
_2ddc _cBK |
||
| 999 |
_c62093 _d62093 |
||